[Event "Ostravský koník 2014 - MÈR"]
[Site "Ostrava, CZE"]
[Date "2014.04.30"]
[Round "5"]
[White "Splichal, Stanislav"]
[Black "Miculka, Petr"]
[Result "1-0"]
[WhiteElo "2125"]
[BlackElo "2017"]
[PlyCount "73"]

1. d4 Nf6 2. Nf3 d5 3. c4 e6 4. g3 dxc4 5. Qa4+ Nbd7 6. Qxc4 a6 7. Bg2 b5 8.
Qd3 Bb7 9. O-O c5 10. a4 Qb6 11. axb5 axb5 12. Rxa8+ Bxa8 13. Nc3 c4 14. Qc2
Be7 15. Be3 Qa6 16. Ne5 Bxg2 17. Kxg2 O-O 18. Bg5 Rc8 19. f3 Nb6 20. e4 b4 21.
Nd1 h6 22. Be3 b3 23. Qd2 Na4 24. g4 Nh7 25. d5 Qb5 26. Nc6 Bf6 27. Bd4 exd5
28. Na7 Qb7 29. Nxc8 dxe4 30. Bxf6 Nxf6 31. Nd6 exf3+ 32. Rxf3 Qd7 33. h3 Nc5
34. Nxc4 Qb7 35. Nc3 Nfe4 36. Qd8+ Kh7 37. Qd5 1-0

[Event "Ostravský koník 2014 - MÈR"]
[Site "Ostrava, CZE"]
[Date "2014.04.30"]
[Round "5"]
[White "Novosadova, Kristyna"]
[Black "Bures, Martin"]
[Result "1-0"]
[WhiteElo "2187"]
[BlackElo "2156"]
[PlyCount "127"]

1. e4 e6 2. d4 d5 3. Nc3 Bb4 4. e5 c5 5. a3 Bxc3+ 6. bxc3 Qc7 7. Nf3 Ne7 8. Bd2
Nbc6 9. Bd3 c4 10. Be2 Bd7 11. a4 f6 12. exf6 gxf6 13. g3 O-O-O 14. Qc1 h5 15.
Nh4 e5 16. Bh6 Rh7 17. Be3 Nf5 18. Nxf5 Bxf5 19. h4 Be4 20. Rg1 Re8 21. Qb2 Qa5
22. Kd1 Bf5 23. Ra3 Qc7 24. Bf3 Bg4 25. Bxg4+ hxg4 26. a5 f5 27. dxe5 Nxe5 28.
Kc1 Nf3 29. Rd1 Rxe3 30. fxe3 Qxg3 31. Qb5 Qd6 32. Ra4 a6 33. Rxc4+ Kb8 34.
Qxd5 Qxd5 35. Rxd5 Nxh4 36. Rd8+ Ka7 37. Rcc8 b5 38. Rh8 Rxh8 39. Rxh8 Nf3 40.
Rh7+ Kb8 41. Rg7 Ne5 42. Kd2 Nc4+ 43. Kd3 Nxa5 44. Rf7 Nc4 45. Rxf5 Kb7 46. Rg5
Kb6 47. Kd4 a5 48. Rg6+ Kb7 49. Rxg4 a4 50. e4 Kb6 51. Rg6+ Ka5 52. e5 a3 53.
Rg1 Ka4 54. Ra1 Nb6 55. e6 Nc8 56. Kc5 Ne7 57. Kd6 Nf5+ 58. Kd7 Ne3 59. Ra2 Nd5
60. e7 Nxc3 61. Rxa3+ Kxa3 62. e8=Q Kb2 63. Qg6 b4 64. Kc6 1-0

[Event "Ostravský koník 2014 - MÈR"]
[Site "Ostrava, CZE"]
[Date "2014.04.30"]
[Round "5"]
[White "Kolar, Stanislav"]
[Black "Karhanek, Pavel"]
[Result "0-1"]
[WhiteElo "2081"]
[BlackElo "2130"]
[PlyCount "72"]

1. e4 Nf6 2. e5 Nd5 3. Nc3 c6 4. Bc4 Nb6 5. Bb3 d5 6. d4 Bf5 7. Nf3 e6 8. Bf4
Be7 9. Qd2 N6d7 10. Ne2 Bg4 11. Qe3 c5 12. c3 Bxf3 13. Qxf3 Nc6 14. O-O cxd4
15. cxd4 Qb6 16. Rfd1 Na5 17. Ba4 O-O-O 18. Nc3 Nb8 19. Rac1 Nbc6 20. Nb5 Kb8
21. a3 Nc4 22. Rxc4 dxc4 23. d5 a6 24. Nc3 Nd4 25. Qe4 Bc5 26. d6 Qa7 27. Bg5
Rdf8 28. Be7 Rfg8 29. Rd2 Nf5 30. Qxc4 Nxe7 31. dxe7 Bxe7 32. Rd7 Rc8 33. Qd3
Rhd8 34. Rxd8 Rxd8 35. Qxh7 Qd4 36. Qxg7 Qxa4 0-1

[Event "Ostravský koník 2014 - MÈR"]
[Site "Ostrava, CZE"]
[Date "2014.04.30"]
[Round "5"]
[White "Dobes, Vojtech"]
[Black "Olsar, Jaroslav"]
[Result "1-0"]
[WhiteElo "2103"]
[BlackElo "2267"]
[PlyCount "52"]

1. e4 e5 2. Nf3 Nc6 3. Bb5 a6 4. Ba4 Nf6 5. O-O Nxe4 6. d4 b5 7. Bb3 d5 8. dxe5
Be6 9. Nbd2 Be7 10. c3 O-O 11. Re1 Nc5 12. Bc2 Bg4 13. h3 Bh5 14. Nf1 Qd7 15.
Ng3 Bg6 16. Be3 Rad8 17. Bd4 Rfe8 18. Qb1 Bf8 19. b4 Na4 20. Bxg6 fxg6 21. a3
Rc8 22. h4 Nd8 23. Ng5 Qf5 24. Qa2 c6 25. Re4 Qd7 26. Rd1 Ne6 1-0

[Event "Ostravský koník 2014 - MÈR"]
[Site "Ostrava, CZE"]
[Date "2014.05.01"]
[Round "6"]
[White "Hracek, Zbynek"]
[Black "Navara, David"]
[Result "1/2-1/2"]
[WhiteElo "2633"]
[BlackElo "2706"]
[PlyCount "51"]

1. e4 c6 2. d4 d5 3. Nc3 dxe4 4. Nxe4 Bf5 5. Ng3 Bg6 6. h4 h6 7. Nf3 Nd7 8. h5
Bh7 9. Bd3 Bxd3 10. Qxd3 e6 11. Bd2 Ngf6 12. O-O-O Be7 13. Ne4 Nxe4 14. Qxe4
Nf6 15. Qe2 Qd5 16. c4 Qe4 17. Qxe4 Nxe4 18. Be3 f5 19. g3 Bg5 20. Nxg5 hxg5
21. Rh2 Kf7 22. Rg1 b5 23. f3 Nf6 24. Bxg5 Rxh5 25. Rxh5 Nxh5 26. b3 1/2-1/2

[Event "Ostravský koník 2014 - MÈR"]
[Site "Ostrava, CZE"]
[Date "2014.05.01"]
[Round "6"]
[White "Kociscak, Jiri"]
[Black "Rausis, Igors"]
[Result "1/2-1/2"]
[WhiteElo "2434"]
[BlackElo "2578"]
[PlyCount "30"]

1. d4 d5 2. c4 c6 3. Nc3 dxc4 4. a4 e5 5. dxe5 Qxd1+ 6. Kxd1 Na6 7. e3 Be6 8.
Nf3 Rd8+ 9. Bd2 Nh6 10. h3 Nc5 11. Nd4 Nd3 12. Bxd3 cxd3 13. Nxe6 fxe6 14. Ne4
Be7 15. Bc3 O-O 1/2-1/2

[Event "Ostravský koník 2014 - MÈR"]
[Site "Ostrava, CZE"]
[Date "2014.05.01"]
[Round "6"]
[White "Biolek, Richard"]
[Black "Petr, Martin"]
[Result "0-1"]
[WhiteElo "2418"]
[BlackElo "2529"]
[PlyCount "108"]

1. d4 d5 2. c4 e6 3. Nf3 Nf6 4. Nc3 Be7 5. Bf4 O-O 6. e3 Nbd7 7. Be2 dxc4 8.
Bxc4 a6 9. a4 Nb6 10. Bd3 Nbd5 11. Be5 b6 12. g4 Nb4 13. Bb1 Bb7 14. Rg1 Nd7
15. Bf4 c5 16. g5 cxd4 17. Nxd4 g6 18. Bg3 Nc5 19. h4 Re8 20. h5 Bf8 21. Be5
Nd7 22. Bh2 e5 23. Nc2 a5 24. Nxb4 Bxb4 25. Kf1 Nc5 26. Bc2 Bxc3 27. bxc3 Ba6+
28. Kg2 Qxg5+ 29. Kh1 Bb7+ 30. e4 Qh4 31. hxg6 hxg6 32. f3 Rad8 33. Qe2 Ba6 34.
Qg2 Bd3 35. Bd1 Kg7 36. Ra2 Bc4 37. Ra1 Rd3 38. Rb1 Re6 39. Qg3 Qxg3 40. Bxg3
Rxc3 41. Rxb6 Nxe4 42. fxe4 Rxg3 43. Rb7 Rxg1+ 44. Kxg1 Rd6 45. Bf3 Rd3 46. Kf2
Ra3 47. Bd1 Ra1 48. Ke1 Bd3 49. Kd2 Bxe4 50. Rb5 Bc6 51. Rxa5 e4 52. Bc2 Ra3
53. Kc1 Rh3 54. Rc5 e3 0-1

[Event "Ostravský koník 2014 - MÈR"]
[Site "Ostrava, CZE"]
[Date "2014.05.01"]
[Round "6"]
[White "Babula, Vlastimil"]
[Black "Blatny, Pavel"]
[Result "0-1"]
[WhiteElo "2553"]
[BlackElo "2418"]
[PlyCount "106"]

1. d4 d5 2. Nf3 e6 3. c4 Nf6 4. Nc3 Bb4 5. e3 O-O 6. Bd3 Nc6 7. O-O dxc4 8.
Bxc4 Bd6 9. Bb5 e5 10. Bxc6 exd4 11. exd4 bxc6 12. Bg5 h6 13. Bh4 Re8 14. Qc2
g5 15. Bg3 Bxg3 16. fxg3 g4 17. Nh4 Qxd4+ 18. Kh1 Be6 19. Rf4 Qe5 20. Raf1 Nh5
21. Re4 Qg7 22. Qf2 Kh8 23. Qc5 Nf6 24. Ref4 Nd5 25. R4f2 Nxc3 26. bxc3 Bd5 27.
Nf5 Qe5 28. Kg1 Kh7 29. Nd4 Qe7 30. Qa5 Qe3 31. Qxc7 Rab8 32. Nf5 Qe5 33. Nd6
Rf8 34. c4 Bxc4 35. Rc1 Qe3 36. Rd1 Rb2 37. Ne4 Rxf2 38. Nxf2 Re8 39. h4 gxh3
40. Qxc6 Qxg3 41. Nxh3 Re2 42. Rf1 Rxa2 43. Qe4+ Qg6 44. Ng5+ hxg5 45. Qxc4
Qb6+ 46. Kh1 Rf2 47. Qe4+ Kg7 48. Ra1 Qf6 49. Ra5 Rf1+ 50. Kh2 Ra1 51. Rxa1
Qxa1 52. Qd5 Qf6 53. g4 Qf2+ 0-1

[Event "Ostravský koník 2014 - MÈR"]
[Site "Ostrava, CZE"]
[Date "2014.05.01"]
[Round "6"]
[White "Vokac, Marek"]
[Black "Zilka, Stepan"]
[Result "1-0"]
[WhiteElo "2422"]
[BlackElo "2541"]
[PlyCount "85"]

1. d4 Nf6 2. c4 e6 3. Nf3 d5 4. g3 dxc4 5. Bg2 c6 6. O-O b5 7. Ne5 Bb7 8. a4
Qb6 9. b3 cxb3 10. Qxb3 a6 11. Be3 Nd5 12. Nc3 Be7 13. Nxd5 exd5 14. Rfc1 O-O
15. a5 Qd8 16. Bf4 Ra7 17. e4 dxe4 18. Bxe4 Bf6 19. Rd1 Bc8 20. Qc2 h6 21. Ng6
fxg6 22. Bxb8 Rd7 23. Be5 Bb7 24. Bxg6 c5 25. Qxc5 Bxe5 26. Qxe5 Re7 27. Qc5
Re2 28. Rf1 Qf6 29. Bh5 Re4 30. Rad1 g6 31. f3 Re2 32. Bg4 Rd8 33. d5 Qb2 34.
Be6+ Kh8 35. Rf2 Rxf2 36. Qxf2 Qxf2+ 37. Kxf2 Kg7 38. Ke3 Bc8 39. Bxc8 Rxc8 40.
d6 Kf7 41. d7 Rd8 42. Rd6 b4 43. Ke4 1-0

[Event "Ostravský koník 2014 - MÈR"]
[Site "Ostrava, CZE"]
[Date "2014.05.01"]
[Round "6"]
[White "Cvek, Robert"]
[Black "Kanovsky, David"]
[Result "1/2-1/2"]
[WhiteElo "2519"]
[BlackElo "2416"]
[PlyCount "79"]

1. c4 c5 2. Nf3 g6 3. g3 Bg7 4. Bg2 Nc6 5. Nc3 Nf6 6. d4 cxd4 7. Nxd4 O-O 8.
O-O Nxd4 9. Qxd4 d6 10. Qd3 a6 11. Be3 Qa5 12. Bd4 Bf5 13. Qd2 Rac8 14. Rfd1
Rfe8 15. Bxf6 Bxf6 16. Nd5 Qxd2 17. Nxf6+ exf6 18. Rxd2 Rxc4 19. Bxb7 a5 20. b3
Rb4 21. Bc6 Rc8 22. Ba4 Rb6 23. f3 Be6 24. Rb1 Kf8 25. Rbb2 Ke7 26. Rbc2 Rc5
27. Kf2 Rb8 28. Ke1 h5 29. Rxc5 dxc5 30. Rc2 Kd6 31. Kd2 h4 32. Kc3 hxg3 33.
hxg3 f5 34. Rd2+ Kc7 35. f4 Rb4 36. Rd3 Re4 37. Kd2 Rb4 38. Kc3 Re4 39. Kd2 Rb4
40. Kc3 1/2-1/2

[Event "Ostravský koník 2014 - MÈR"]
[Site "Ostrava, CZE"]
[Date "2014.05.01"]
[Round "6"]
[White "Oral, Tomas"]
[Black "Studnicka, Tomas"]
[Result "1-0"]
[WhiteElo "2515"]
[BlackElo "2374"]
[PlyCount "119"]

1. e4 c5 2. Nf3 Nc6 3. Bb5 g6 4. Bxc6 dxc6 5. d3 Bg7 6. h3 Nf6 7. Nc3 Nd7 8.
O-O e5 9. Nh2 O-O 10. Be3 Qe7 11. Qd2 b6 12. Bh6 Qd6 13. Ne2 Ba6 14. Ng4 Nf6
15. Bxg7 Kxg7 16. Nxf6 Qxf6 17. b3 Rad8 18. Qc3 Bc8 19. a4 a5 20. Rae1 Rde8 21.
Qd2 Qd6 22. Qe3 f6 23. Qg3 Bd7 24. Kh1 Kh8 25. Nc3 Qd4 26. Ne2 Qd6 27. Qh4 Kg7
28. Kg1 Kg8 29. Qg3 Kh8 30. Kh1 Kg8 31. f3 Kh8 32. Kh2 Kg8 33. Kh1 Kh8 34. Qf2
Kg8 35. Qe3 Kg7 36. Qc1 Kg8 37. Rf2 Qe7 38. Ref1 Qg7 39. f4 f5 40. Ng3 exf4 41.
Rxf4 fxe4 42. Nxe4 Rxf4 43. Qxf4 Bf5 44. Nd6 Rf8 45. Nc4 g5 46. Qe5 Qg6 47.
Nxb6 g4 48. hxg4 Bxg4 49. Rxf8+ Kxf8 50. Qxc5+ Kf7 51. Qe3 Bf5 52. Nc4 Kg8 53.
Kg1 Qh5 54. Ne5 Qd1+ 55. Kh2 Qxc2 56. Qg5+ Bg6 57. Qd8+ Kg7 58. Qe7+ Kg8 59.
Nd7 Qf2 60. Nf6+ 1-0

[Event "Ostravský koník 2014 - MÈR"]
[Site "Ostrava, CZE"]
[Date "2014.05.01"]
[Round "6"]
[White "Kraus, Tomas"]
[Black "Haba, Petr"]
[Result "1/2-1/2"]
[WhiteElo "2326"]
[BlackElo "2498"]
[PlyCount "31"]

1. d4 d5 2. Nf3 Nf6 3. c4 c6 4. e3 e6 5. Nbd2 Nbd7 6. Bd3 Bd6 7. O-O O-O 8. e4
e5 9. cxd5 cxd5 10. exd5 exd4 11. Ne4 Nxe4 12. Bxe4 Nf6 13. Qxd4 Nxe4 14. Qxe4
Re8 15. Qd4 Bf5 16. Bg5 1/2-1/2

[Event "Ostravský koník 2014 - MÈR"]
[Site "Ostrava, CZE"]
[Date "2014.05.01"]
[Round "6"]
[White "Adamek, Jiri"]
[Black "Rasik, Vitezslav"]
[Result "1/2-1/2"]
[WhiteElo "2301"]
[BlackElo "2456"]
[PlyCount "49"]

1. d4 Nf6 2. c4 g6 3. Nc3 Bg7 4. g3 O-O 5. Bg2 d6 6. Nf3 Nc6 7. O-O a6 8. Qd3
Bd7 9. d5 Nb4 10. Qd2 a5 11. Nd4 Ng4 12. Rb1 Ne5 13. b3 c6 14. Bb2 cxd5 15.
Nxd5 Nxd5 16. Bxd5 Qb6 17. Nc2 Bf5 18. Bd4 Qc7 19. Rbc1 Bxc2 20. Rxc2 Nc6 21.
Bxg7 Kxg7 22. Rcc1 b6 23. h4 h5 24. Bxc6 Qxc6 25. a4 1/2-1/2

[Event "Ostravský koník 2014 - MÈR"]
[Site "Ostrava, CZE"]
[Date "2014.05.01"]
[Round "6"]
[White "Lechtynsky, Jiri"]
[Black "Stocek, Jiri"]
[Result "0-1"]
[WhiteElo "2365"]
[BlackElo "2540"]
[PlyCount "62"]

1. d4 Nf6 2. Nf3 c5 3. e3 g6 4. c4 Bg7 5. Nc3 O-O 6. dxc5 Na6 7. Be2 Nxc5 8.
O-O b6 9. Nd4 Bb7 10. b3 d5 11. cxd5 Nxd5 12. Bb2 Nxc3 13. Bxc3 Ne4 14. Bb2 e5
15. Nf3 Qe7 16. Rc1 Rfd8 17. Qc2 Ng5 18. Nxg5 Qxg5 19. g3 Rac8 20. Qb1 Rxc1 21.
Qxc1 Rc8 22. Qb1 h5 23. h4 Qf6 24. Rc1 Rxc1+ 25. Qxc1 Qf5 26. Kf1 Bf8 27. Bc3
Qh3+ 28. Ke1 Qg2 29. Qb2 Qg1+ 30. Kd2 Qxf2 31. Bxe5 Bb4+ 0-1

[Event "Ostravský koník 2014 - MÈR"]
[Site "Ostrava, CZE"]
[Date "2014.05.01"]
[Round "6"]
[White "Freisler, Pavel"]
[Black "Krejci, Jan"]
[Result "0-1"]
[WhiteElo "2357"]
[BlackElo "2518"]
[PlyCount "84"]

1. Nf3 Nf6 2. c4 e6 3. g3 a6 4. Nc3 d5 5. cxd5 exd5 6. Bg2 Be7 7. O-O O-O 8. d4
Nbd7 9. Ne5 c6 10. Bf4 Re8 11. Nxd7 Bxd7 12. Qb3 Ra7 13. Rac1 Bf5 14. Bg5 h6
15. Bxf6 Bxf6 16. e3 Qa5 17. a3 Re7 18. Qa2 Qd8 19. Rfd1 Qd6 20. b4 b5 21. Qb3
a5 22. Rd2 Ra6 23. bxa5 Rxa5 24. a4 b4 25. Nd1 Rea7 26. Nb2 h5 27. Bf1 h4 28.
Bd3 Bd7 29. Rdc2 Be7 30. Rc5 Qh6 31. Rxa5 Rxa5 32. Bf1 hxg3 33. hxg3 c5 34.
dxc5 d4 35. Re1 dxe3 36. Rxe3 Bc6 37. Bg2 Bxc5 38. Re1 Bxf2+ 39. Kxf2 Qd2+ 40.
Re2 Rf5+ 41. Bf3 Qd4+ 42. Ke1 Rxf3 0-1

[Event "Ostravský koník 2014 - MÈR"]
[Site "Ostrava, CZE"]
[Date "2014.05.01"]
[Round "6"]
[White "Kislinsky, Alexey"]
[Black "Dobrovolsky, Ladislav"]
[Result "1-0"]
[WhiteElo "2483"]
[BlackElo "2334"]
[PlyCount "35"]

1. e4 c5 2. Nf3 e6 3. d3 Nc6 4. g3 d5 5. Qe2 Nf6 6. Bg2 Be7 7. O-O dxe4 8. dxe4
O-O 9. e5 Nd7 10. Rd1 Qc7 11. Bf4 b5 12. Nc3 a6 13. Ne4 Nb6 14. Nf6+ gxf6 15.
exf6 Qa7 16. Ng5 Bxf6 17. Qh5 Rd8 18. Bxc6 1-0

[Event "Ostravský koník 2014 - MÈR"]
[Site "Ostrava, CZE"]
[Date "2014.05.01"]
[Round "6"]
[White "Simacek, Pavel"]
[Black "Dolezal, Radoslav"]
[Result "0-1"]
[WhiteElo "2469"]
[BlackElo "2344"]
[PlyCount "96"]

1. e4 d5 2. exd5 Nf6 3. Bb5+ Bd7 4. Bc4 Bg4 5. f3 Bf5 6. Nc3 Nbd7 7. Qe2 Nb6 8.
g4 Bc8 9. Qd3 g6 10. Nge2 Bg7 11. b3 h5 12. g5 Bf5 13. Qd4 O-O 14. gxf6 Bxf6
15. Qe3 e6 16. Ba3 exd5 17. Bxf8 Kxf8 18. Bxd5 Nxd5 19. Qc5+ Ne7 20. O-O-O b6
21. Qe3 a5 22. Ng3 a4 23. Nxf5 Nxf5 24. Qe4 axb3 25. cxb3 Ra5 26. Kb1 Qd6 27.
Rhe1 Nd4 28. Qd3 Qa3 29. Rc1 Nc6 30. Re4 Nb4 31. Rxb4 Qxb4 32. Ne4 Be5 33. Qd7
Qa3 34. Nc3 Bxc3 35. Rxc3 Qxa2+ 36. Kc1 Qa1+ 37. Kc2 Ra2+ 38. Kd3 Qf1+ 39. Ke4
Qe2+ 40. Re3 Qxh2 41. Qd8+ Kg7 42. Qd4+ f6 43. Qd7+ Kh6 44. d4 c5 45. Kd5 Qf4
46. Qe7 cxd4 47. Re6 Qxf3+ 48. Kd6 Rc2 0-1

[Event "Ostravský koník 2014 - MÈR"]
[Site "Ostrava, CZE"]
[Date "2014.05.01"]
[Round "6"]
[White "Konopka, Michal"]
[Black "Holemar, David"]
[Result "1-0"]
[WhiteElo "2408"]
[BlackElo "2269"]
[PlyCount "176"]

1. Nf3 Nf6 2. c4 g6 3. d4 c5 4. g3 cxd4 5. Nxd4 Nc6 6. Bg2 Bg7 7. Nc3 O-O 8.
O-O Nxd4 9. Qxd4 d6 10. Qd3 Qc7 11. Bf4 Be6 12. b3 a6 13. Rac1 Nd7 14. Nd5 Bxd5
15. Qxd5 b6 16. Qd2 Rab8 17. Rfd1 Rfe8 18. Qb4 Bb2 19. Rc2 Be5 20. Bd2 Rec8 21.
Qa3 Qa7 22. Be3 Rc7 23. Rd5 Bg7 24. Ra5 Nc5 25. Bxc5 Rxc5 26. Rxa6 Qd7 27. b4
Rcc8 28. Qd3 Bf6 29. h4 Rc7 30. b5 h5 31. Bc6 Qh3 32. Qe3 Qf5 33. Rd2 Qc5 34.
Qe4 e6 35. Kg2 Kg7 36. Qd3 Rd8 37. Qe3 Rb8 38. Qxc5 dxc5 39. Rd3 Kf8 40. Rda3
Bd8 41. Ra8 Rcc8 42. Rxb8 Rxb8 43. Ra7 Bf6 44. Kf3 Bc3 45. Ke4 Be1 46. Kf3 Rd8
47. Rb7 Ba5 48. Be4 Kg7 49. Bd3 Kf6 50. Ke3 Rd6 51. a4 Rd8 52. f3 Rd4 53. f4
Kg7 54. Ra7 Kf6 55. Kf2 Bb4 56. Kf3 Bc3 57. Be4 Kg7 58. Bc6 Kf8 59. Ra8+ Kg7
60. Be8 Kf8 61. Bc6+ Kg7 62. Ra6 Ba5 63. Ra7 Kf8 64. Ra8+ Kg7 65. e3 Rd2 66.
Be8 Kf8 67. Ke4 Ke7 68. Bc6 Rd8 69. Ra7+ Kf6 70. Kf3 Be1 71. Rb7 Ba5 72. g4
hxg4+ 73. Kxg4 Kg7 74. Bd7 Kf6 75. e4 Ke7 76. Bc6+ Kf6 77. e5+ Kg7 78. Bd7 Kh6
79. Bc6 Kg7 80. h5 gxh5+ 81. Kxh5 Kg8 82. Kg5 Kg7 83. Bd7 Kg8 84. f5 exf5 85.
Kxf5 Kg7 86. Bc6 Rd1 87. e6 Rf1+ 88. Kg4 Kf8 1-0

[Event "Ostravský koník 2014 - MÈR"]
[Site "Ostrava, CZE"]
[Date "2014.05.01"]
[Round "6"]
[White "Zwardon, Vojtech"]
[Black "Sikorova, Olga"]
[Result "1/2-1/2"]
[WhiteElo "2391"]
[BlackElo "2288"]
[PlyCount "59"]

1. c4 c5 2. g3 Nc6 3. Bg2 g6 4. Nc3 Bg7 5. d3 d6 6. Rb1 Bd7 7. Bd2 a6 8. a3 Rb8
9. b4 cxb4 10. axb4 b5 11. cxb5 axb5 12. Nf3 Nf6 13. O-O O-O 14. Qc2 Ng4 15. h3
Nge5 16. Nxe5 Bxe5 17. Bh6 Re8 18. Nxb5 Nxb4 19. Rxb4 Rxb5 20. Rfb1 Rxb4 21.
Rxb4 Qa5 22. Qb1 Bg7 23. Bxg7 Kxg7 24. h4 Qe5 25. Bf3 h5 26. Rb7 Bg4 27. Rb5
Qc3 28. Rb3 Qe5 29. Rb5 Qc3 30. Rb3 1/2-1/2

[Event "Ostravský koník 2014 - MÈR"]
[Site "Ostrava, CZE"]
[Date "2014.05.01"]
[Round "6"]
[White "Hausner, Ivan"]
[Black "Kulovana, Eva"]
[Result "1-0"]
[WhiteElo "2370"]
[BlackElo "2250"]
[PlyCount "79"]

1. e4 c6 2. d4 d5 3. Nc3 dxe4 4. Nxe4 Bf5 5. Ng3 Bg6 6. h4 h6 7. Bc4 e6 8. N1e2
Bd6 9. Nf4 Bxf4 10. Bxf4 Nf6 11. h5 Bh7 12. c3 Nbd7 13. O-O Nd5 14. Bd2 O-O 15.
Re1 Rc8 16. Qf3 a6 17. Bb3 b5 18. a4 N5b6 19. Ne4 Bxe4 20. Rxe4 Nf6 21. Re2
Nfd5 22. Bc2 Qd7 23. Qe4 Nf6 24. Qh4 Nfd5 25. b3 f5 26. a5 Na8 27. c4 Nf6 28.
Bb4 Rfe8 29. Rae1 Nc7 30. f3 Kh8 31. Bc5 Qf7 32. g4 Nh7 33. f4 Nf6 34. gxf5
Qxh5 35. Qxh5 Nxh5 36. Bd6 Ng3 37. Re5 Red8 38. Bxc7 Rxc7 39. fxe6 Re7 40. Kg2
1-0

[Event "Ostravský koník 2014 - MÈR"]
[Site "Ostrava, CZE"]
[Date "2014.05.01"]
[Round "6"]
[White "Bartos, Jan"]
[Black "Kriebel, Tadeas"]
[Result "0-1"]
[WhiteElo "2232"]
[BlackElo "2366"]
[PlyCount "132"]

1. d4 Nf6 2. c4 g6 3. f3 Bg7 4. e4 d6 5. Nc3 O-O 6. Be3 a6 7. Nge2 Nbd7 8. Qd2
c5 9. Rd1 b6 10. Nc1 cxd4 11. Bxd4 Bb7 12. Be2 Rc8 13. O-O Qc7 14. Rfe1 Rfd8
15. Bf1 e6 16. Qf2 Nh5 17. Bxg7 Nxg7 18. Nb3 Nc5 19. Nd4 Qe7 20. Qe3 e5 21. Nc2
f5 22. b4 Nd7 23. Na4 Rb8 24. Rd2 fxe4 25. fxe4 Ne6 26. g3 Nf6 27. Bg2 Rf8 28.
Nxb6 Bxe4 29. Bxe4 Nxe4 30. Qxe4 Ng5 31. Qd5+ Kh8 32. Rf1 Rxb6 33. h4 Rxf1+ 34.
Kxf1 Qf7+ 35. Kg2 Qxd5+ 36. Rxd5 Ne6 37. a3 Kg7 38. c5 dxc5 39. Rxe5 Kf6 40.
Re4 cxb4 41. Nxb4 Rd6 42. Kf2 a5 43. Nc2 Rd3 44. Re3 Rd5 45. Ke2 Nd4+ 46. Nxd4
Rxd4 47. Rb3 Ra4 48. Kf3 Ke5 49. g4 Rf4+ 50. Kg3 Rd4 51. g5 a4 52. Rb7 Rd3+ 53.
Kg4 Rxa3 54. Rxh7 Ra1 55. Re7+ Kd5 56. Rg7 a3 57. Rxg6 Rg1+ 58. Kh5 a2 59. Ra6
a1=Q 60. Rxa1 Rxa1 61. Kg6 Ke6 62. h5 Ke7 63. Kg7 Ra5 64. g6 Rxh5 65. Kg8 Rg5
66. g7 Ke8 0-1

[Event "Ostravský koník 2014 - MÈR"]
[Site "Ostrava, CZE"]
[Date "2014.05.01"]
[Round "6"]
[White "Plat, Vojtech"]
[Black "Olsarova, Tereza"]
[Result "1-0"]
[WhiteElo "2456"]
[BlackElo "2260"]
[PlyCount "79"]

1. b3 e5 2. Bb2 Nc6 3. e3 Nf6 4. Bb5 Bd6 5. Na3 e4 6. Be2 Be5 7. Bxe5 Nxe5 8.
d4 exd3 9. cxd3 d5 10. d4 Neg4 11. Nf3 Qe7 12. Nc2 Ne4 13. O-O O-O 14. Bd3 Bf5
15. Nce1 Rad8 16. h3 Nh6 17. Ne5 f6 18. N5f3 g5 19. Nh2 Bg6 20. Rc1 f5 21. Bxe4
dxe4 22. Qc2 Rd7 23. Qc5 Bh5 24. f4 g4 25. Qxe7 Rxe7 26. hxg4 Bxg4 27. Nc2 Kf7
28. Rf2 Ke6 29. Nb4 a5 30. Nc6 bxc6 31. Rxc6+ Kd7 32. Rxh6 a4 33. bxa4 Ra8 34.
Rd2 Rxa4 35. Nxg4 fxg4 36. Kf2 Ra3 37. Re2 Rg7 38. Kg3 Ra5 39. Kh4 g3 40. Rh5
1-0

[Event "Ostravský koník 2014 - MÈR"]
[Site "Ostrava, CZE"]
[Date "2014.05.01"]
[Round "6"]
[White "Jansa, Vlastimil"]
[Black "Havlikova, Kristyna"]
[Result "1-0"]
[WhiteElo "2455"]
[BlackElo "2251"]
[PlyCount "85"]

1. e4 c5 2. Nf3 Nc6 3. Bb5 g6 4. O-O Bg7 5. c3 Nf6 6. Re1 O-O 7. h3 e5 8. d3 d6
9. a3 Bd7 10. b4 b6 11. Be3 h6 12. Bc4 Kh7 13. Nbd2 a6 14. Nf1 Qc8 15. Ng3 Ra7
16. Ba2 Rc7 17. d4 cxd4 18. cxd4 exd4 19. Nxd4 Ne5 20. Qe2 Qb7 21. f4 Nc6 22.
Rad1 Nxd4 23. Bxd4 Ba4 24. Rd2 Bc6 25. f5 Re7 26. Bb1 Ne8 27. Qf2 Bxd4 28. Rxd4
Rg8 29. Ba2 Re5 30. Rf1 g5 31. f6 Rg6 32. Nh5 g4 33. hxg4 Rxg4 34. Qf3 Rgg5 35.
Ng3 Rg6 36. Qe3 Qd7 37. Rf5 Rxf5 38. exf5 Rxf6 39. Nh5 Qxf5 40. Nxf6+ Qxf6 41.
Bb1+ Kh8 42. Rf4 Qg7 43. Rg4 1-0

[Event "Ostravský koník 2014 - MÈR"]
[Site "Ostrava, CZE"]
[Date "2014.05.01"]
[Round "6"]
[White "Sikora, Jan"]
[Black "Voloshin, Leonid"]
[Result "1/2-1/2"]
[WhiteElo "2188"]
[BlackElo "2391"]
[PlyCount "24"]

1. e4 c5 2. Nc3 e6 3. Nf3 a6 4. d4 cxd4 5. Nxd4 b5 6. Bd3 Bb7 7. O-O Qc7 8. Re1
Bc5 9. Nb3 Bd6 10. Kh1 Be5 11. a4 b4 12. Ne2 d5 1/2-1/2

[Event "Ostravský koník 2014 - MÈR"]
[Site "Ostrava, CZE"]
[Date "2014.05.01"]
[Round "6"]
[White "Svoboda, Svatopluk"]
[Black "Toman, Jaroslav"]
[Result "1-0"]
[WhiteElo "2334"]
[BlackElo "2220"]
[PlyCount "83"]

1. d4 Nf6 2. g3 g6 3. Bg2 Bg7 4. Nf3 O-O 5. c4 d6 6. O-O Nc6 7. Nc3 a6 8. b3
Rb8 9. Bb2 b5 10. cxb5 axb5 11. Rc1 b4 12. Na4 Na7 13. Qc2 Nb5 14. Qc4 Nd7 15.
Ne1 c5 16. dxc5 Bxb2 17. Nxb2 dxc5 18. Ned3 Nc3 19. Rc2 Qa5 20. a4 Ba6 21. Qh4
Qc7 22. Bf3 Nb6 23. Nd1 Bxd3 24. exd3 Qd6 25. Nxc3 bxc3 26. Rxc3 Nd7 27. Qe4
Rb4 28. Qd5 Ne5 29. Bg2 Rd8 30. Qxd6 Rxd6 31. Rxc5 Nxd3 32. Rc3 e5 33. Rd1 Rbd4
34. Rc4 f5 35. Rxd4 Rxd4 36. Bf1 Nb4 37. Rxd4 exd4 38. Bb5 Kf8 39. a5 Ke7 40.
a6 Nd5 41. a7 Nb6 42. Bc6 1-0

[Event "Ostravský koník 2014 - MÈR"]
[Site "Ostrava, CZE"]
[Date "2014.05.01"]
[Round "6"]
[White "Sobek, Jaroslav"]
[Black "Marek, Matyas"]
[Result "1/2-1/2"]
[WhiteElo "2327"]
[BlackElo "2110"]
[PlyCount "57"]

1. d4 Nf6 2. c4 g6 3. Nc3 Bg7 4. e4 d6 5. Be2 O-O 6. Bg5 c5 7. d5 b5 8. cxb5 a6
9. Nf3 axb5 10. Bxf6 Bxf6 11. Bxb5 Qa5 12. Qd3 Ba6 13. Bxa6 Nxa6 14. O-O Rfb8
15. Qd2 Qb4 16. Rab1 Bxc3 17. Qxc3 Qxe4 18. Rbe1 Qf5 19. Qd2 Nb4 20. Qh6 Qf6
21. Ng5 Qg7 22. Qxg7+ Kxg7 23. Rxe7 Kf6 24. Rxf7+ Kxg5 25. f4+ Kh6 26. Rf3 g5
27. Rh3+ Kg6 28. Rhxh7 gxf4 29. Rhg7+ 1/2-1/2

[Event "Ostravský koník 2014 - MÈR"]
[Site "Ostrava, CZE"]
[Date "2014.05.01"]
[Round "6"]
[White "Svatos, Jan"]
[Black "Jedlicka, Ales"]
[Result "1-0"]
[WhiteElo "2306"]
[BlackElo "2199"]
[PlyCount "87"]

1. e4 c5 2. Nf3 d6 3. d4 cxd4 4. Nxd4 Nf6 5. Nc3 a6 6. Bg5 Nc6 7. Qd2 e6 8. f3
h6 9. Be3 Bd7 10. O-O-O b5 11. g4 Rb8 12. h4 Nxd4 13. Qxd4 b4 14. Ne2 Qa5 15.
Kb1 Be7 16. Nc1 Bc6 17. Bc4 Nd7 18. g5 e5 19. Bxf7+ Kxf7 20. Qc4+ Ke8 21. Qxc6
Qb5 22. Qc7 hxg5 23. hxg5 Rf8 24. Rd5 Qb7 25. Qc4 Rc8 26. Qe2 Nb6 27. Bxb6 Qxb6
28. g6 Qc6 29. Nd3 Qc4 30. Qg2 Rc6 31. Rc1 Rb6 32. Qg4 Qc7 33. b3 Rb8 34. Nb2
Rf4 35. Qh3 Qd7 36. Qh8+ Bf8 37. Nd3 Rxf3 38. Nxe5 Qh3 39. Qg8 dxe5 40. Rxe5+
Kd8 41. Rd1+ Kc7 42. Qc4+ Kb7 43. Re6 Bc5 44. Qxa6+ 1-0

[Event "Ostravský koník 2014 - MÈR"]
[Site "Ostrava, CZE"]
[Date "2014.05.01"]
[Round "6"]
[White "Folk, Petr"]
[Black "Sabol, Marian"]
[Result "0-1"]
[WhiteElo "2229"]
[BlackElo "2295"]
[PlyCount "78"]

1. e4 c5 2. Nf3 d6 3. d4 cxd4 4. Nxd4 Nf6 5. Nc3 a6 6. Be3 e6 7. g4 e5 8. Nf5
h5 9. g5 Nxe4 10. Nxg7+ Bxg7 11. Nxe4 d5 12. Nf6+ Bxf6 13. gxf6 d4 14. Bg5 Qd5
15. Rg1 Bg4 16. Rxg4 hxg4 17. Qxg4 Nd7 18. Bg2 Qb5 19. O-O-O O-O-O 20. h4 Kb8
21. f4 Ka8 22. Qf3 exf4 23. Qxf4 Nc5 24. Rxd4 Ne6 25. Rxd8+ Rxd8 26. Qf1 Qa5
27. a3 Nxg5 28. hxg5 Qxg5+ 29. Kb1 Rd6 30. Qf3 Rb6 31. b4 Qxf6 32. Qd5 Qe7 33.
c4 Rd6 34. Qe4 Qxe4+ 35. Bxe4 Rd4 36. Bd5 Rxd5 37. cxd5 Kb8 38. Kc2 Kc7 39. Kd3
Kd6 0-1